| 000 | 01483cam a2200433 a 4500 | ||
|---|---|---|---|
| 001 | 3968660 | ||
| 003 | OSt | ||
| 005 | 20190618123806.0 | ||
| 008 | 060925s2007 xnaabceg 001 0 eng | ||
| 020 |
_a0276421116 _c$59.95 |
||
| 037 | _b80 Bay Street Ultimo NSW 2007, website: www.readersdigest.com.au | ||
| 040 |
_aANL _beng _dANL _dNSL _dANL |
||
| 042 | _aanuc | ||
| 050 |
_aG 155 _b.R286 1994 |
||
| 082 | 0 | 4 |
_aREF 930.1 _b R22 1994 |
| 245 | 0 | 0 |
_aStrange worlds amazing places : _ba grand tour of the most exciting places on earth / _cresearch, Anne Matthews, Heather McNamara ; editor Mary Devine. |
| 246 | 1 |
_iAt head of title: _aReader's Digest |
|
| 250 | _a[New] ed. | ||
| 260 |
_aUltimo, N.S.W. : _bReader's Digest (Australia), _cc1994. |
||
| 300 |
_a432 p. : _bill. col.; _c29 cm. |
||
| 500 | _a1st ed. published 1994. | ||
| 500 | _a"Copyright 2007 ... conceived, edited and designed by Marshall Editions"--T.p. verso. | ||
| 500 | _aIncludes index. | ||
| 520 | _a1. Archeology 2. Antiquities | ||
| 562 | _e1 | ||
| 650 | 0 | _aLandforms. | |
| 650 | 0 |
_aLandforms _vPictorial works. |
|
| 650 | 0 | _aHistoric sites. | |
| 650 | 0 |
_aHistoric sites _vPictorial works. |
|
| 650 | 0 | _aGeographical myths. | |
| 650 | 0 |
_aGeographical myths _vPictorial works. |
|
| 700 | 1 | _aMatthews, Anne. | |
| 700 | 1 | _aMcNamara, Heather. | |
| 700 | 1 | _aDevine, Mary. | |
| 710 | 2 | _aMarshall Editions Ltd. | |
| 710 | 2 | _aReader's Digest (Australia) | |
| 942 |
_2lcc _cBK |
||
| 999 |
_c3828 _d3828 |
||